Online Catalogue and eLibrary

Unnatham (Record no. 4219)

MARC details
000 -LEADER
fixed length control field 00397nam a2200145Ia 4500
005 - DATE AND TIME OF LATEST TRANSACTION
control field 20250306235858.0
008 - FIXED-LENGTH DATA ELEMENTS--GENERAL INFORMATION
fixed length control field 240331s9999 xx 000 0 und d
082 ## - DDC Classification
Item Number - Author Mark UNN
DDC Edition Number 5440
Class No. 894.811
245 #0 - TITLE STATEMENT
Title Unnatham
260 ## - PUBLICATION, DISTRIBUTION, ETC.
Name of publisher, distributor, etc. Aalaththur Anchal Kavunthappadi
Date of publication, distribution, etc. 1994
300 ## - PHYSICAL DESCRIPTION
Extent (e.g. Volumes, Pages etc.) 60 p.,
500 ## - GENERAL NOTE
General note A collection of short stories, poems and essays.
700 ## - ADDED ENTRY--PERSONAL NAME
Personal name Gouthamasitharththan
Relator term (Role) Editor
942 ## - Koha item type (Biblio)
Koha item type Books in Stacks (Lending)
Holdings
Lost status Damaged status Collection code Home library Current library Shelving location Date acquired Full call number Accession Number Item type
    Lending WERC Library WERC Library Social Science Cupboard 03/31/2024 894.811 UNN 5440 Books in Stacks (Lending)

© WERC Library